| 000 | 00467nam a2200157Ia 4500 | ||
|---|---|---|---|
| 008 | 230917s9999||||xx |||||||||||||| ||und|| | ||
| 040 |
_e184658 _aMAIN |
||
| 041 | _aEnglish | ||
| 082 | _a342 S88M | ||
| 100 | _aStrong, C F | ||
| 245 | 0 | _aModern political constitutions: an introduction to the comparative study of their history and existing form | |
| 250 | _a8th ed. | ||
| 260 |
_aLondon _bEnglish Language Book Society _c1972 |
||
| 300 | _ax, 292 p. | ||
| 942 | _cBK | ||
| 999 |
_c79825 _d79825 |
||